Normal view
MARC view
- DATA STRUCTURES (COMPUTER SCIENCE) C++ (COMPUTER PROGRAM LANGUAGE) C (COMPUTER PROGRAM LANGUAGE
Entry Topical Term
001 - CONTROL NUMBER
- control field: 73619
003 - CONTROL NUMBER IDENTIFIER
- control field: NUST
005 - DATE AND TIME OF LATEST TRANSACTION
- control field: 20210628205040.0
008 - FIXED-LENGTH DATA ELEMENTS
- fixed length control field: 210628|| aca||aabn | a|a d
040 ## - CATALOGING SOURCE
- Original cataloging agency: NUST
- Transcribing agency: NUST
150 ## - HEADING--TOPICAL TERM
- Topical term or geographic name entry element: DATA STRUCTURES (COMPUTER SCIENCE) C++ (COMPUTER PROGRAM LANGUAGE) C (COMPUTER PROGRAM LANGUAGE
670 ## - SOURCE DATA FOUND
- Source citation: Work cat.: (NUST): Angenstein, Moshe J Tenenbaum, Aaron M Langsam, Yedidyah 73618, Data structures using c and c plus plus, 1996
